Sudden Death - Polyhedrons - Statistics

General Stats
  • This quiz has been taken 11 times
    8 since last reset
  • The average score is 3 of 6
Answers on the Grid
Answers color-coded by a green-red scale on the quiz's grid according to % correct below.
Cube
Hexagonal Prism
Square
Kite Shape
Rhombus
Dodecahedron
Dodecagon
Heptagon
Pyramid
Circle
Sphere
Crescent
Semi-Circle
Octagonal Prism
Decagon
Rectangular Prism
 
Answer Stats
Answer % Correct
Cube
71%
Hexagonal Prism
57%
Pyramid
57%
Dodecahedron
43%
Octagonal Prism
43%
Rectangular Prism
29%
No matching quizzes found
Score Distribution
Percent of People with Each Score
Percentile by Number Answered
Your Score History
You have not taken this quiz since the last reset